02334cam a22003855i 4500999001700000001001000017003000900027005001700036008004100053020002500094020002200119040004500141043001200186082002000198100004000218245007600258250001900334264003600353300002300389336002600412337002800438338002700466500005700493504005100550520074700601651005301348651004801401651005401449651004901503653002501552856010601577856009101683942001201774952016201786 c27661d27632013527274EG-ScBUE20191001125159.0060324s2006 nyu f b 001 0 eng d a9780805079760 (hbk.) a0805079769 (hbk.) aStDuBDSbengerdacStDuBDSdUkdEG-ScBUE aa-ir---04a327.55bTAK2221 aTakeyh, Ray,d1966-eauthor.91101610aHidden Iran :bparadox and power in the Islamic Republic /cRay Takeyh. aFirst edition. 1aNew York :bTimes Books,c2006. a259 pages ;c25 cm atextbtxt2rdacontent aunmediatedbn2rdamedia avolumebnc2rdacarrier a"A Council on Foreign Relations book."-- title page. aIncludes bibliographical references and index. a"In Hidden Iran, Ray Takeyh has written a book that reveals how the underappreciated domestic political rivalries within Iran serve to explain the country's behavior on the world stage. A leading expert on Iran's politics and history, Takeyh shows why this country has so often confounded American expectations and inspired a long series of misguided U.S. policies that continue to this day. And yet there is a hidden Iran beyond what we see on the news or hear about from American politicians, one in which political factions jockey for power and influence, politicians fall out of favor only to emerge a few years later, and the hard-liners, the pragmatists, and the reformers tend to counterbalance one another in the government."--Jacket. 7aIranxPolitics and governmenty1979-1997.2BUEsh 7aIranxPolitics and governmenty1997-2BUEsh 7aIranxForeign relationsy1979-1997.2BUEsh911017 7aIranxForeign relationsy1997-2BUEsh911018 bMASPPSScOctober2019423Contributor biographical informationuhttp://www.loc.gov/catdir/enhancements/fy0643/2006043981-b.html423Publisher descriptionuhttp://www.loc.gov/catdir/enhancements/fy0643/2006043981-d.html 2ddccBB 00102ddc40708BaccahaMAINbMAINc1STd2019-10-01ePurchaseg670.00l1m31o327.55 TAKp000048082r2025-07-15 00:00:00s2021-11-13v837.50w2019-10-01yBB